Armstrong's Handbook of Human Resource Management Practice / (Record no. 15171)
[ view plain ]
| 000 -LEADER | |
|---|---|
| fixed length control field | 02263nam a22003017a 4500 |
| 008 - FIXED-LENGTH DATA ELEMENTS--GENERAL INFORMATION | |
| fixed length control field | 110421r20092011enk|||||r|||| 001 0 eng d |
| 020 ## - INTERNATIONAL STANDARD BOOK NUMBER | |
| International Standard Book Number | 0749452420 |
| 020 ## - INTERNATIONAL STANDARD BOOK NUMBER | |
| International Standard Book Number | 9780749452421 |
| 082 ## - DEWEY DECIMAL CLASSIFICATION NUMBER | |
| Edition number | 22 |
| Classification number | 658.3 |
| Item number | ARM |
| 100 ## - MAIN ENTRY--PERSONAL NAME | |
| 9 (RLIN) | 23156 |
| Personal name | Armstrong, Michael, |
| Dates associated with a name | 1928- |
| 245 ## - TITLE STATEMENT | |
| Title | Armstrong's Handbook of Human Resource Management Practice / |
| Statement of responsibility, etc | Michael Armstrong |
| 246 ## - VARYING FORM OF TITLE | |
| Title proper/short title | Handbook of Human Resource Management Practice |
| 250 ## - EDITION STATEMENT | |
| Edition statement | 11th ed. |
| 260 ## - PUBLICATION, DISTRIBUTION, ETC. (IMPRINT) | |
| Place of publication, distribution, etc | London : |
| Name of publisher, distributor, etc | Konganpage, 2009 |
| Date of publication, distribution, etc | 2009 |
| 300 ## - PHYSICAL DESCRIPTION | |
| Extent | xx, 1062 p. : |
| Other physical details | col. ill. ; |
| Dimensions | 24 cm. |
| 504 ## - BIBLIOGRAPHY, ETC. NOTE | |
| Bibliography, etc | Includes bibliographical references and index |
| 650 ## - SUBJECT ADDED ENTRY--TOPICAL TERM | |
| 9 (RLIN) | 23299 |
| Topical term or geographic name as entry element | Personnel management |
| Form subdivision | Handbooks, manuals, etc |
| 653 ## - INDEX TERM--UNCONTROLLED | |
| Resource For college | |
| Arrived date list | April2011 |
| 942 ## - ADDED ENTRY ELEMENTS (KOHA) | |
| Source of classification or shelving scheme | Dewey Decimal Classification |
| Item type | Book - Borrowing |
| Withdrawn status | Item status | Source of classification or shelving scheme | Materials specified (bound volume or other part) | Damaged status | Not for loan | Vendor | Home library | Current library | Shelving location | Date acquired | Source of acquisition | Cost, normal purchase price | Total Checkouts | Total Renewals | Full call number | Barcode | Date last seen | Date last borrowed | Koha item type | Cost, replacement price |
|---|---|---|---|---|---|---|---|---|---|---|---|---|---|---|---|---|---|---|---|---|
| Lost | Dewey Decimal Classification | Lost In Inventory_2015-8-23 | Baccah | Central Library | Central Library | First floor | 21/04/2011 | 380.00 | 7 | 24 | 658.3 ARM | 000023377 | 28/05/2012 | 10/04/2012 | Book - Borrowing | |||||
| Dewey Decimal Classification | Lost In Inventory_2005-2015/8/22 | Baccah | Central Library | Central Library | First floor | 21/04/2011 | 380.00 | 4 | 31 | 658.3 ARM | 000023378 | 11/11/2023 | 12/11/2022 | Book - Borrowing | ||||||
| Dewey Decimal Classification | Baccah | Central Library | Central Library | First floor | 21/04/2011 | 380.00 | 27 | 77 | 658.3 ARM | 000023379 | 15/07/2025 | 22/11/2018 | Book - Borrowing | |||||||
| Dewey Decimal Classification | Baccah | Central Library | Central Library | First floor | 21/04/2011 | 380.00 | 35 | 110 | 658.3 ARM | 000023380 | 15/07/2025 | 26/10/2019 | Book - Borrowing | |||||||
| Lost and Paid For | Dewey Decimal Classification | Baccah | Central Library | Central Library | First floor | 21/04/2011 | Purchase | 420.00 | 7 | 2 | 658.3 ARM | 000029772 | 13/12/2014 | 13/12/2014 | Book - Borrowing | 525.00 | ||||
| Dewey Decimal Classification | Baccah | Central Library | Central Library | First floor | 03/10/2011 | 380.00 | 22 | 658.3 ARM | 000024972 | 15/07/2025 | 10/10/2013 | NB - Book (Non borrowing) | ||||||||
| Dewey Decimal Classification | Baccah | Central Library | Central Library | First floor | 03/10/2011 | 380.00 | 36 | 193 | 658.3 ARM | 000024973 | 15/07/2025 | 28/11/2018 | Book - Borrowing | |||||||
| Dewey Decimal Classification | Baccah | Central Library | Central Library | First floor | 30/10/2011 | 380.00 | 35 | 73 | 658.3 ARM | 000025518 | 15/07/2025 | 02/11/2019 | Book - Borrowing |